NM, in his own words, as seen by others / (Record no. 592)
[ view plain ]
| 000 -LEADER | |
|---|---|
| fixed length control field | 00615cam a2200217 a 4500 |
| 001 - CONTROL NUMBER | |
| control field | 14495355 |
| 005 - DATE AND TIME OF LATEST TRANSACTION | |
| control field | 20240321060935.0 |
| 008 - FIXED-LENGTH DATA ELEMENTS--GENERAL INFORMATION | |
| fixed length control field | 060812s2006 ce a 010 0beng |
| 020 ## - INTERNATIONAL STANDARD BOOK NUMBER | |
| ISBN | 9558713015 |
| 040 ## - CATALOGING SOURCE (பட்டியலாக்க மூலம்) | |
| Original cataloging agency | DLC |
| Transcribing agency | DLC |
| 082 ## - DDC Classification | |
| DDC Edition Number | 22 |
| Class No. | 324.23 |
| 245 00 - TITLE STATEMENT | |
| Title | NM, in his own words, as seen by others / |
| Statement of responsibility, etc. | edited by Colvin Goonaratna. |
| 260 ## - PUBLICATION, DISTRIBUTION, ETC. | |
| Place of publication, distribution, etc. | Colombo : |
| Name of publisher, distributor, etc. | Dr. N.M. Perera Centre, |
| Date of publication, distribution, etc. | 2006. |
| 300 ## - PHYSICAL DESCRIPTION | |
| Extent (e.g. Volumes, Pages etc.) | 480 p. : |
| 500 ## - GENERAL NOTE | |
| General note | "Dr. N.M. Perera birth centenary publication." |
| 650 #0 - SUBJECT ADDED ENTRY--TOPICAL TERM | |
| Topical term or geographic name entry element | Politicians |
| 650 #0 - SUBJECT ADDED ENTRY--TOPICAL TERM | |
| Topical term or geographic name entry element | Sri Lanka |
| 700 1# - ADDED ENTRY--PERSONAL NAME | |
| Personal name | Perera, N. M. |
| Relator term (Role) | Editor |
| 700 1# - ADDED ENTRY--PERSONAL NAME | |
| Personal name | Goonaratna, Colvin. |
| Relator term (Role) | Editor |
| 942 ## - Koha item type (Biblio) | |
| Koha item type | Books in Stacks (Lending) |
| Lost status | Damaged status | Collection code | Home library | Current library | Date acquired | Full call number | Accession Number | Item type |
|---|---|---|---|---|---|---|---|---|
| Lending | WERC Library | WERC Library | 03/21/2024 | 324.23 | 6506 | Books in Stacks (Lending) |
